Logo BPK

Biblioteka

Politechniki Koszalińskiej

Betone mit Kunststoffen und andere Instandsetzungsbaustoffe : (Rekord nr 29597)

Szczegóły MARC
000 -ETYKIETA REKORDU
podpole kontrolne o stałej długości 00512nam a2200169 i 4500
001 - NUMER KONTROLNY REKORDU
pole kontrolne bg
020 ## - MIĘDZYNARODOWY ZNORMALIZOWANY NUMER KSIĄŻKI - ISBN
ISBN 3433012040
040 ## - ŹRÓDŁO KATALOGOWANIA
Instytucja, która utworzyła rekord BPK
041 ## - KOD JĘZYKA
Kod języka tekstu pol
080 ## - UNIWERSALNA KLASYFIKACJA DZIESIĘTNA - UKD
UKD 666.9:678
920 ## - Międzynarodowy znormalizowany numer książki – ISBN
ISBN 3-433-01204-0
008 - POLE O STAŁEJ DŁUGOŚCI - DANE KONTROLNE
podpole kontrolne o stałej długości s pl f |000 0 pol
100 1# - NAZWA OSOBOWA
Nazwa osobowa SCHORN, Harald
245 #0 - TYTUŁ/ODPOWIEDZIALNOŚĆ
Tytuł Betone mit Kunststoffen und andere Instandsetzungsbaustoffe :
Ciąg dalszy tytułu ein Buch zum Stand der Technik mit Kommentaren zum technschen Regelwerk /
Pozostałe elementy strefy tytułu i oznaczenia odpowiedzialności Harald Schorn.
260 ## - STREFA ADRESU WYDAWNICZEGO
Miejsce wydania Berlin :
Nazwa wydawcy/dystrybutora Ernst & Sohn,
Data publikacji, dystrybucji/powstania dokumentu 1990.
856 ## - LOKALIZACJA I DOSTĘP DO ELEKTRONICZNYCH DOKUMENTÓW ZDALNYCH
Link (URL) http://koha.tu.koszalin.pl/cgi-bin/koha/opac-detail.pl?biblionumber=29597
Tekst linku Katalog online BPK
942 ## - DODATKOWE ELEMENTY (KOHA)
Typ dokumentu Książka
Egzemplarze
Wycofany Status egzemplarza Uszkodzony Dostępność Lokalizacja stała Lokalizacja bieżąca Miejsce przechowywania Sygnatura Kod kreskowy Typ dokumentu
      Dostępny Biblioteka Politechniki Koszalińskiej Biblioteka Politechniki Koszalińskiej Wypożyczalnia BG 35822 01961560 Książka
© 2023 Biblioteka Politechniki Koszalińskiej :: KOHA